• 首页
  • 本馆介绍
  • 公告通知
  • 最新文献
  • 馆藏检索
  • 电子资源
  • 读者导购
  • 参考咨询
  • 我的图书馆
  • 登录
  • 详细信息显示
  • 放入我的书架
  • 预约/预借图书
  • 作者相关作品
  • 分类相关作品
  • 丛书相关作品
  • 出版社相关作品

书目信息

  • 表格格式
  • 工作单格式
  • 卡片格式
题名:
中国古老文化寻踪
    
 
作者: 黄明哲 著 ;桑吉扎西 , 蒲澎涛 摄影
分册:   民俗神韵
出版信息: 北京   中国科学技术出版社  2015
页数: 167页
开本: 30cm
丛书名:
单 册:
中图分类: K203-64 , G122-64
科图分类:
主题词: 中华文化--zhong hua wen hua--介绍--摄影集 , 中华文化--zhong hua wen hua--非物质文化遗产--介绍--摄影集
电子资源:
ISBN: 978-7-5046-6786-1
000 01192nam0 22003011 450
001 1755136832
005 20170605154026.28
010    @a978-7-5046-6786-1@b精装@dCNY148.00
100    @a20150528d2015 em y0chiy50 ea
101 0  @achi
102    @aCN@b110000
105    @aa z 000yy
106    @ar
200 1  @a中国古老文化寻踪@Azhong guo gu lao wen hua xin zong@i民俗神韵@f黄明哲著@g桑吉扎西,蒲澎涛等摄影
210    @a北京@c中国科学技术出版社@d2015
215    @a167页@d30cm
300    @a国家出版基金项目
330    @a本书从1000多项非物质文化遗产中,精选最具中国文化特色的项目,涵盖少林功夫、京剧、羌姆、唐卡、蜂桶鼓舞和茶艺等内容;带领读者体验中国文化“活”的内心世界,理解中国政府对世界非物质文化遗产保护做出的努力与贡献。
517 1  @a民俗神韵@Amin su shen yun
606 0  @a中华文化@Azhong hua wen hua@x介绍@j摄影集
606 0  @a中华文化@Azhong hua wen hua@x非物质文化遗产@x介绍@j摄影集
690    @aK203-64@v5
690    @aG122-64@v5
701  0 @a黄明哲@Ahuang ming zhe@f(1979~)@4著
702  0 @c(藏)@a桑吉扎西@Asang ji za xi@4摄影
702  0 @a蒲澎涛@Apu peng tao@c(媒体人)@4摄影
801  0 @aCN@bTANG WEI@c20170601
905    @b0972151-3@dK203-64@e234:5@f3
    
    中国古老文化寻踪.民俗神韵/黄明哲著/桑吉扎西,蒲澎涛等摄影 .-北京:中国科学技术出版社,2015
    167页;30cm
    国家出版基金项目
    
    ISBN 978-7-5046-6786-1(精装):CNY148.00
    本书从1000多项非物质文化遗产中,精选最具中国文化特色的项目,涵盖少林功夫、京剧、羌姆、唐卡、蜂桶鼓舞和茶艺等内容;带领读者体验中国文化“活”的内心世界,理解中国政府对世界非物质文化遗产保护做出的努力与贡献。
●
相关链接 在E读中查询图书 在五车中查询图书 在当当中查询图书 在豆瓣中查询图书


正题名:中国古老文化寻踪     索取号:K203-64/234:5         预约/预借

序号 登录号 条形码 馆藏地/架位号 状态 备注
1 0972151   209721513   第二样本阅览室/ [索取号:K203-64/234:5] 在馆    
2 0972152   209721522   密集书库-资源管理系/ [索取号:K203-64/234:5] 在馆    
3 0972153   209721531   第二借阅区/ [索取号:K203-64/234:5] 在馆    
唐山师范学院图书馆 欢迎您!
大连网信软件有限公司© 版权所有